Religiozita na Slovensku a v európskom rámci

Slovenská religiozita v európskom a stredoeurópskom kontexte. Vnútorná religiozita. Spätosť s cirkvou. Súhrnná nábožensko-sociologická typológia religiozity. Sociálna charakteristika predstaviteľov náboženských typov.

Salvato in:
Dettagli Bibliografici
Autore principale: Bunčák, Ján
Natura: Capitolo di libro
Lingua:slovacco
Soggetti:
Tags: Aggiungi Tag
Nessun Tag, puoi essere il primo ad aggiungerne!!

MARC

LEADER 00000naa a2200000 4500
001 r042915
005 20230929070552.6
041 0 |a slo 
044 |a SK 
245 1 0 |a Religiozita na Slovensku a v európskom rámci  |c Ján Bunčák 
520 |a Slovenská religiozita v európskom a stredoeurópskom kontexte. Vnútorná religiozita. Spätosť s cirkvou. Súhrnná nábožensko-sociologická typológia religiozity. Sociálna charakteristika predstaviteľov náboženských typov. 
610 2 0 |a náboženstvo 
610 2 0 |a cirkev 
610 2 0 |a prieskum sociologický 
610 2 0 |a prieskum štatistický 
610 2 0 |a Európa 
610 2 0 |a Slovensko 
100 1 |a Bunčák, Ján